Presidentes del Perú (1823 - 2025) - Estadísticas

Estadísticas generales
  • Esta prueba ha sido intentada 33 veces
  • La puntuación promedio es 15 de 65
Estadísticas de respuestas
Fechas Presidentes % Correcto
1990-2000 Alberto Fujimori
85%
2022-2025 Dina Boluarte
85%
2021-2022 Pedro Castillo
81%
1985-1990 Alan García
78%
2006-2011 Alan García
78%
2025-2026 José Jerí
70%
2011-2016 Ollanta Humala
70%
2019-2020 Martín Vizcarra
67%
2001-2006 Alejandro Toledo
48%
2020-2021 Francisco Sagasti
44%
1823 José de la Riva-Agüero
44%
2020 Manuel Merino
41%
1845-1851 Ramón Castilla
41%
1855-1862 Ramón Castilla
41%
1963-1968 Fernando Belaúnde Terry
37%
1980-1985 Fernando Belaúnde Terry
37%
1948-1956 Manuel Odría
30%
1829-1833 Agustín Gamarra
26%
1839-1841 Agustín Gamarra
26%
1827-1829 José de La Mar
26%
1968-1975 Juan Velasco Alvarado
26%
2000-2001 Valentín Paniagua
26%
1908-1912 Augusto Leguía
22%
1919-1930 Augusto Leguía
22%
1879-81 Nicolás de Piérola
22%
1895-1899 Nicolás de Piérola
22%
1914-1915 Óscar Benavides
19%
1933-1939 Óscar Benavides
19%
1886-90 Andrés Avelino Cáceres
15%
1894-1895 Andrés Avelino Cáceres
15%
1836-1839 Andrés de Santa Cruz
15%
1826-1835 Felipe Salaverry
15%
1975-1980 Francisco Morales Bermúdez
15%
1823-1824 José Bernardo de Tagle
15%
1939-1945 Manuel Prado Ugarteche
15%
1952-1962 Manuel Prado Ugarteche
15%
1868-1872 José Balta
11%
1835-1836 Luis José de Orbegoso
11%
1930-1933 Luis Miguel Sánchez Cerro
11%
1865-1868 Mariano Ignacio Prado
11%
1876-1879 Mariano Ignacio Prado
11%
1912-1914 Guillermo Billinghurst
7%
1945-1948 José Luis Bustamante y Rivero
7%
1904-1908 José Pardo y Barreda
7%
1915-1919 José Pardo y Barreda
7%
1851-1855 José Rufino Echenique
7%
1863-1865 Juan Antonio Pezet
7%
1881-83 Lizardo Montero
7%
1843-1844 Manuel Ignacio de Vivanco
7%
1862-1863 Miguel de San Román
7%
1883-85 Miguel Iglesias
7%
1890-1894 Remigio Morales Bermúdez
7%
1899-1903 Eduardo López de Romaña
4%
1894 Justiniano Borgoño
4%
1903-1904 Manuel Candamo
4%
1841-1842 Manuel Menéndez
4%
1844-1845 Manuel Menéndez
4%
1872-1876 Manuel Pardo y Lavalle
4%
1963 Nicolás Lindley López
4%
1962-1963 Ricardo Pérez Godoy
4%
1904 Serapio Calderón
4%
1881 Francisco García-Calderón Landa
0%
1842-1843 Juan Francisco de Vidal La Hoz
0%
1868 Pedro Diez Canseco Corbacho
0%
2016-2018 Pedro Pablo Kuczynski (PPK)
0%
No se encontraron pruebas coincidentes
Distribución de puntuación
Porcentaje de gente con cada puntuación
Porcentaje por número respondido
Historial de tus puntuaciones
No has intentado esta prueba.